| 000 | 00000nas##2200000za#4500 |
| 001 | 9.514749 |
| 003 | CaOODSP |
| 005 | 20200325130439 |
| 007 | ta |
| 008 | 150406c1991||||xxc|| m #||||f| |0eng|d |
| 040 | |aCaOODSP|beng |
| 043 | |an-cn--- |
| 086 | 1 |aJS5-1E |
| 110 | 1 |aCanada. |bSolicitor General Canada. |
| 245 | 10|aAboriginal peoples collection |
| 260 | |aOttawa - Ontario : |bSolicitor General Canada |
| 563 | |aSoftcover |
| 775 | 08|tAboriginal peoples collection |w(CaOODSP)9.509442 |
| 775 | 08|tCollection sur les Autochtones |w(CaOODSP)9.509443 |
| 775 | 08|tCollection sur les Autochtones |w(CaOODSP)9.513108 |
| 776 | 0#|tAboriginal peoples collection |w(CaOODSP)9.505592 |